书目信息 |
| 题名: |
空间解析几何
|
|
| 作者: | ;复旦大学数学系 主编 | |
| 分册: | ||
| 出版信息: | 上海 上海科学技术出版社 1984 |
|
| 页数: | 160页 | |
| 开本: | 21cm | |
| 丛书名: | ||
| 单 册: | ||
| 中图分类: | O182.2 | |
| 科图分类: | ||
| 主题词: | 立体几何:解析几何 , 解析几何:立体几何 | |
| 电子资源: | ||
| ISBN: | ||
| 000 | 00695nam0 2200253 45 | |
| 001 | 0184002315 | |
| 005 | 20040629152145.2 | |
| 010 | @dCNY0.62 | |
| 091 | @a13119.1094 | |
| 100 | @a19950511d1984 em y0chiy0121 ea | |
| 101 | 0 | @achi |
| 102 | @aCN@b310000 | |
| 105 | @ay z 000yy | |
| 106 | @ar | |
| 200 | 10 | @a空间解析几何@Akong jian jie xi ji he@f复旦大学数学系主编 |
| 210 | @a上海@c上海科学技术出版社@d1984 | |
| 215 | @a160页@d21cm | |
| 606 | @a立体几何:解析几何 | |
| 606 | @a解析几何:立体几何 | |
| 690 | @aO182.2@v3 | |
| 711 | 02 | @a复旦大学数学系@Afu dan da xue shu xue xi@4主编 |
| 801 | 0 | @aCN@b上海图书馆@c20040629 |
| 801 | 2 | @aCN@bNLC@c20040629 |
| 905 | @f1@b104001@dO182.2@e10 | |
| 空间解析几何/复旦大学数学系主编.-上海:上海科学技术出版社,1984 |
| 160页;21cm |
| ISBN :CNY0.62 |
| ● |
| 相关链接 |
|
|
|
|
正题名:空间解析几何
索取号:O182.2/10
 
预约/预借
| 序号 | 登录号 | 条形码 | 馆藏地/架位号 | 状态 | 备注 |
| 1 | 0104000 | 000398947 | 第三借阅区/ [索取号:O182.2/10] | 在馆 | |
| 2 | 0104001 | 001932966 | 第三借阅区/ [索取号:O182.2/10] | 在馆 | |
| 3 | 0104002 | 000398929 | 第三借阅区/ [索取号:O182.2/10] | 在馆 | |
| 4 | 0104003 | 000398956 | 第三借阅区/ [索取号:O182.2/10] | 在馆 | |
| 5 | 0104004 | 000398910 | 第二样本阅览室/ [索取号:O182.2/10] | 在馆 |